TREATISE ON MATERIALS SCIENCE AND TECHNOLOGY WEAR (Record no. 581419)

000 -LEADER
fixed length control field 00342nam a22001217a 4500
082 ## - DEWEY DECIMAL CLASSIFICATION NUMBER
Classification number 620.11292 TRE'S
100 ## - MAIN ENTRY--PERSONAL NAME
Personal name SCOTT, DOUGLAS
9 (RLIN) 76019
245 ## - TITLE STATEMENT
Title TREATISE ON MATERIALS SCIENCE AND TECHNOLOGY WEAR
260 ## - PUBLICATION, DISTRIBUTION, ETC.
Place of publication, distribution, etc. NEWYORK
Name of publisher, distributor, etc. ACADEMIC PRESS
Date of publication, distribution, etc. 1979
300 ## - PHYSICAL DESCRIPTION
Extent VOL-13
650 ## - SUBJECT ADDED ENTRY--TOPICAL TERM
Topical term or geographic name entry element MECHANICAL WEAR STRENGTH OF MATERIALS
9 (RLIN) 76020
942 ## - ADDED ENTRY ELEMENTS (KOHA)
Koha item type Book
Holdings
Withdrawn status Lost status Damaged status Not for loan Permanent Location Current Location Shelving location Date acquired Total Checkouts Full call number Barcode Date last seen Price effective from Koha item type
        College of Electrical & Mechanical Engineering (CEME) College of Electrical & Mechanical Engineering (CEME) General Stacks 05/25/2017   620.11292 TRE'S CEME-11647 06/28/2021 06/28/2021 Book
© 2023 Central Library, National University of Sciences and Technology. All Rights Reserved.